000 00858nam a22002417a 4500
008 240702b mp ||||| |||| 00| 0 mon d
020 _a978-99973-2-793-2
035 _a26285
040 _aZA2481090
_bmon
_cMN-UlNLM
_dMN-UlNLM
_erda
041 _amon
042 _a57083
084 _2NNA
_a84/4ихбр/-44
_bЛ-59
100 _aЛиндгрен А.
245 0 _aРасмус тэнүүлч хоёр
264 _aУлаанбаатар
_b"Мөнхийн үсэг"
_c2015
300 _a259х.
336 _2rdacontent
_atext
_btxt
337 _2rdamedia
_aunmediated
_bn
338 _2rdacarrier
_avolume
_bnc
650 _aАстрид Линдгрен, Б.Болдсүх, уран зохиол, дэлхийн уран зохиол, хүүхдийн уран зохиол ...
942 _2NNA
_cBK
999 _c1094010
_d1094067